00864nam a22002057a 4500003000400000005001700004008004100021020002700062040001200089050001600101082001600117245013100133260004700264300002300311500005200334505016600386650004300552650004000595700002300635OSt20221028101756.0170608b xxu||||| |||| 00| 0 eng d a978084933201X - Vol. 1 cWIUC GH aRC268.6.C72 a616.99'4071 aCRC handbook of identified carcinogens and noncarcinogens : carcinogenicity-mutagenicity database. /cEditor: Jean V. Soderman aBoca Raton, Florida : bCRC Press, c1982. axi, 655 p.:bill.; aIncludes Keyword, Citation, and Author indexes  aContents: Chemical class file (in alphabetical order of Aliphatics, Carbocycles, Heterocycles, Nitro compounds, Halides, Functional groups, and Natural products) aCarcinogens - Handbooks, manuals, etc. aMutagens - Handbooks, manuals, etc. aSoderman, Jean V.